00648nam a2200229 a 450000100060000000300090000600800410001502000150005604000280007108200200009911000440011924500210016326000520018430000100023649000170024659000630026365000230032665000250034965000150037494200120038999900170040119023CO-ViMGA141112s2004 ck r 000 u spa d a970625269X aCO-ViMGAbspacCO-ViMGA04a636.93234 C357c aCentro de Estudios Agropecuarios92725710aCrianza de Cuyos aMexico : bGrupo Editorial IberoAmérica; 2001 a92 p. aAgronegocios aForma de adquisición : Proyecto 2005 - - Precio : 18.90014aCURI - CRIA92725814aCURIES - CRIA92725914aCUY927260 2ddccBK c28210d28210